000 01286nam a2200289Ia 4500
003 OSt
005 20210608133752.0
008 210310s1982 sp ad gr 001 0 spa d
020 _a8485855140
040 _aCO-JMCR
_cCO-JMCR
041 1 _aspa
_heng
082 0 4 _a333.715 /
_bB348t
_223
100 1 _aBaumol, William J.,
_916116
_eautor
245 1 3 _aLa teoría de la política económica del medio ambiente /
_cW. J. Baumol y W. E. Oates ; colaboración de W. S. Bawa y D. Bradford ; traducción de Ana Martínez Pujana.
260 _aBarcelona :
_bAntoni Bosch editor,
_c1982
300 _axiv, 325 páginas :
_bilustraciones y gráficas a blanco y negro ;
_c22 cm.
490 0 _aEconomía ;
_v17
500 _aIncluye índice de materias. Título original: The theory of environmental policy.
505 0 _aLa economía y la calidad de la vida -- Teoría de las externalidades -- Hacia la aplicación práctica -- La provisión de servicios públicos
546 _aTraducido del inglés.
650 1 4 _aPolítica ambiental
_916118
_xAspectos económicos
700 1 _aOates, W. E.
_eautor
_938194
700 1 _aBawa, W. S.,
_ecolaborador
_938195
700 1 _aBradford, D.,
_ecolaborador
_938196
700 1 _aPujana, Ana Martínez,
_etraductora
_938197
942 _2ddc
_cBK
999 _c8024
_d8024